000 00433nam a2200181Ia 4500
001 20503
005 20260306172810.0
008 260306t2004||||xx |||||||||||||| ||spa||
041 _aESP
082 _a343.334
_bD44 T. 1
100 _aPerĂș. DefensorĂ­a del Pueblo
_eAUT
245 0 _aCompendio de resoluciones defensoriales
260 _c2004
300 _a
_c
650 _aGEN
654 _aCDE
942 _cLIB
_dJUS
_fJUS
_2ddc
_n
999 _c20503
_d20503